| 000 | 00557nam a22001937a 4500 | ||
|---|---|---|---|
| 005 | 20250402141539.0 | ||
| 010 | _aENG-144458 | ||
| 020 |
_a9788178808116 _c1395.00 |
||
| 035 | _aEN-127990 | ||
| 037 | _bDBAD | ||
| 082 | _a370.15 | ||
| 100 |
_aTajpuria, Nisha M. _980111 |
||
| 245 |
_aAppled cognitive psychology/ _cTajpuria, Nisha M. |
||
| 250 | _a1 | ||
| 260 |
_aNew Delhi _bRajat Publications _c2024 |
||
| 270 |
_a4740/23, Ansari Road, Daryagan _bNew Delhi _e110002 |
||
| 300 |
_a212p. _c24cm(Hb) |
||
| 942 |
_2ddc _cEN _mTAJ _h370.15 |
||
| 999 |
_c210656 _d210656 |
||